000 00984nam a2200253Ia 4500
003 OSt
005 20220923223326.0
006 a|||||r|||| 00| 0
007 ta
008 220922b |||||||| |||| 00| 0 hin d
024 _a213,509
037 _cTextual
040 _aARTS
_cARTS
_bhin
041 _2hin
_ahin
082 _aO152,3N296:g, N7
100 _aमोहरीर, छाया
245 0 _aहिन्दी उपन्यासों के सन्दर्भ में निर्मल वर्मा के उपन्यास
246 _aHindī upanyāsoan ke sandarbha mean nirmal varmā ke upanyāsa
260 _aनई दिल्ली
_b भारतीय ग्रन्थ निकेतन प्रका0
_c1997
300 _a374 पृ.
_ccm.
650 _aहिन्दी साहित्य
_9156264
942 _hO152,3N296:g, N7
_cTEXL
_2CC
999 _c363729
_d363729